Morbilidades globales / (Record no. 116754)

MARC details
000 -LEADER
campo de control de longitud fija 00776nam a2200217 i 4500
001 - NÚMERO DE CONTROL
campo de control 116754
003 - IDENTIFICADOR DE NÚMERO DE CONTROL
campo de control ES-MaACL
005 - FECHA Y HORA DE LA ÚLTIMA TRANSACCIÓN
campo de control 20250929063154.0
007 - CAMPO FIJO DE DESCRIPCIÓN FÍSICA--INFORMACIÓN GENERAL
campo de control de longitud fija t|
008 - DATOS DE LONGITUD FIJA--INFORMACIÓN GENERAL
campo de control de longitud fija 061121s1935 sp r ||||1| spa d
100 1# - ENTRADA PRINCIPAL--NOMBRE DE PERSONA
Nombre de persona Pascua, Marcelino,
Fechas asociadas al nombre 1897-1977
9 (RLIN) 89336
245 10 - MENCIÓN DEL TÍTULO
Título Morbilidades globales /
Mención de responsabilidad, etc. por el Dr. Marcelino Pascua.
260 ## - PUBLICACIÓN, DISTRIBUCIÓN, ETC.
Lugar de publicación, distribución, etc. Madrid :
Nombre del editor, distribuidor, etc. [Instituto Nacional de Previsión],
Fecha de publicación, distribución, etc. 1935 (
Fabricante Sobrinos de la Suc. de M. Minuesa)
300 ## - DESCRIPCIÓN FÍSICA
Extensión 77 p., 2 lám. ;
Dimensiones 22 cm.
594 ## - Nota al título y mención de responsabilidad
Nota al título y mención de responsabilidad Precede al tít.: Publicaciones del Instituto Nacional de Previsión.
650 ## - PUNTO DE ACCESO ADICIONAL DE MATERIA--TÉRMINO DE MATERIA
Término de materia o nombre geográfico como elemento de entrada Morbilidad-
Subdivisión geográfica España.
9 (RLIN) 172753
710 2# - ENTRADA AGREGADA--NOMBRE DE ENTIDAD CORPORATIVA
Nombre de entidad corporativa o nombre de jurisdicción como elemento de entrada Instituto Nacional de Previsión (España)
9 (RLIN) 5180
852 ## - LOCALIZACIÓN
Ubicación ES-MaACL
Número de control de estantería 1809-F-11
852 ## - LOCALIZACIÓN
Ubicación ES-MaACL
Número de control de estantería 1818-F-9
Holdings
Estatus retirado Estado de pérdida Estado de daño No para préstamo Colección Biblioteca de origen Biblioteca actual Ubicación en estantería Fecha de adquisición Fuente de adquisición Total de préstamos Signatura topográfica completa Código de barras Visto por última vez Precio de reemplazo Tipo de ítem Koha
        Colección de folletos Biblioteca del Ateneo de Madrid Biblioteca del Ateneo de Madrid Depósito folletos 09/06/2005     1818-F-9 1202110 23/02/2023 23/02/2023 Folleto
        Colección de folletos Biblioteca del Ateneo de Madrid Biblioteca del Ateneo de Madrid Depósito folletos 17/01/2008     1809-F-11 1121740 23/02/2023 23/02/2023 Folleto